书目信息 |
| 题名: |
气候统计学基础
|
|
| 作者: | 么枕生 编著 | |
| 分册: | ||
| 出版信息: | 北京 科学出版社 1984 |
|
| 页数: | 594页 | |
| 开本: | 21cm | |
| 丛书名: | ||
| 单 册: | ||
| 中图分类: | P468.0 | |
| 科图分类: | ||
| 主题词: | 气候学:统计学--基础理论 , 统计学:气候学--基础理论 | |
| 电子资源: | ||
| ISBN: | ||
| 000 | 00666nam0 2200241 45 | |
| 001 | 0184009304 | |
| 005 | 20061122150356.37 | |
| 010 | @dCNY3.50(1) | |
| 091 | @aCN@b13031.2631(1) | |
| 100 | @a19950628d1984 em y0chiy0121 ea | |
| 101 | 0 | @achi |
| 102 | @aCN@b110000 | |
| 105 | @ay z 000yy | |
| 200 | 10 | @a气候统计学基础@Aqi hou tong ji xue ji chu@e统计气候学理论@f么枕生编著 |
| 210 | @a北京@c科学出版社@d1984 | |
| 215 | @a594页@d21cm | |
| 606 | @a气候学:统计学@x基础理论 | |
| 606 | @a统计学:气候学@x基础理论 | |
| 690 | @aP468.0@v3 | |
| 701 | 0 | @a么枕生@Ame zhen sheng@4编著 |
| 801 | 2 | @aCN@bNLC@c20061122 |
| 801 | 0 | @aCN@bTSSF |
| 905 | @a10447@dP468.0@e11 | |
| 气候统计学基础:统计气候学理论/么枕生编著.-北京:科学出版社,1984 |
| 594页;21cm |
| ISBN :CNY3.50(1) |
| ● |
| 相关链接 |
|
|
|
|
正题名:气候统计学基础
索取号:P468.0/11
 
预约/预借
| 序号 | 登录号 | 条形码 | 馆藏地/架位号 | 状态 | 备注 |
| 1 | 0121014 | 202106470 | 第二样本阅览室/ [索取号:P468.0/11] | 在馆 |